Informacionnaja revoljucija: čto ona sulit miru.

Skúmanie hlbokých zmien prebiehajúcich v ekonomikách a sociálnych štruktúrach v najrozvinutejších krajinách sveta a ich tesného spojenia s rozvojom procesu informačnej revolúcie a informačnej ekonomiky. Analýza procesu integrácie ZSSR do nových štruktúr svetového hospodárstva.

Gespeichert in:
Bibliographische Detailangaben
1. Verfasser: Cvylev, R.
Format: Buchkapitel
Sprache:Russisch
Schlagworte:
Tags: Tag hinzufügen
Keine Tags, Fügen Sie das erste Tag hinzu!

MARC

LEADER 00000naa a2200000 4500
001 r005821
005 20221130103705.2
041 0 |a rus 
044 |a [SU] 
245 1 0 |a Informacionnaja revoljucija: čto ona sulit miru.  |c R. Cvylev 
520 |a Skúmanie hlbokých zmien prebiehajúcich v ekonomikách a sociálnych štruktúrach v najrozvinutejších krajinách sveta a ich tesného spojenia s rozvojom procesu informačnej revolúcie a informačnej ekonomiky. Analýza procesu integrácie ZSSR do nových štruktúr svetového hospodárstva. 
610 2 0 |a hospodárstvo svetové 
610 2 0 |a integrácia ekonomická medzinárodná 
610 2 0 |a ZSSR 
610 2 0 |a informácie 
610 2 0 |a štruktúra sociálna 
610 2 0 |a sústava informačná 
610 2 0 |a zmeny štruktúrne 
610 2 0 |a informatizácia 
100 1 |a Cvylev, R.